[Event "URU-ch Semi Final 2020"]
[Site "Montevideo"]
[Date "2020.02.25"]
[Round "8.20"]
[White "Lima Abadal, Nicolas"]
[Black "Blanco, Rudemar Ernesto"]
[Result "1-0"]
[WhiteElo "1646"]
[BlackElo "1470"]
[Annotator "NA RC"]
[PlyCount "91"]
[EventDate "2020.02.22"]
[EventType "swiss"]
[EventCountry "URU"]
[SourceTitle "playchess.com"]
[Source "ChessBase"]
[SourceQuality "1"]
[TimeControl "5400+30"]

1. e4 {[%emt 0:00:00]} d5 {[%emt 0:00:43]} 2. exd5 {[%emt 0:00:00]} Qxd5 {[%emt 0:00:05]} 3. Nc3 {[%emt 0:00:00]} Qd6 {[%emt 0:00:07]} 4. d4 {[%emt 0:00:13]} c6 {[%emt 0:00:06]} 5. Nf3 {[%emt 0:01:04]} Bg4 {[%emt 0:01:04]} 6. Be2 {[%emt 0:00:07]} Nf6 {[%emt 0:00:19]} 7. Bg5 {[%emt 0:01:40]} Nbd7 {[%emt 0:09:31]} 8. Qd2 {[%emt 0:04:56]} Qc7 {[%emt 0:03:58]} 9. O-O {[%emt 0:05:22]} e6 {[%emt 0:01:19]} 10. Rfe1 {[%emt 0:03:35]} Be7 {[%emt 0:01:17]} 11. Ne5 {[%emt 0:10:59]} Bxe2 {[%emt 0:01:00]} 12. Qxe2 {[%emt 0:02:08]} Nxe5 {[%emt 0:01:41]} 13. dxe5 {[%emt 0:00:05]} Nd5 {[%emt 0:01:01]} 14. Nxd5 {[%emt 0:00:09]} cxd5 {[%emt 0:00:54]} 15. Bxe7 {[%emt 0:01:11]} Qxe7 {[%emt 0:01:00]} 16. Qg4 {[%emt 0:00:28]} O-O {[%emt 0:00:58]} 17. Re3 {[%emt 0:00:58]} Rfc8 {[%emt 0:02:20]} 18. Rg3 {[%emt 0:01:46]} g6 {[%emt 0:01:28]} 19. c3 {[%emt 0:02:35]} Rc4 {[%emt 0:02:39]} 20. Qe2 {[%emt 0:03:38]} Rac8 {[%emt 0:04:47]} 21. Rf1 {[%emt 0:05:09]} Re4 {[%emt 0:05:10]} 22. Re3 {[%emt 0:00:09]} Rcc4 {[%emt 0:02:03]} 23. f3 {[%emt 0:05:09]} Rxe3 {[%emt 0:02:19]} 24. Qxe3 {[%emt 0:00:02]} Qc5 {[%emt 0:01:08]} 25. Kf2 {[%emt 0:01:41]} Kg7 {[%emt 0:00:57]} 26. Rd1 {[%emt 0:02:39]} Qxe3+ {[%emt 0:01:42]} 27. Kxe3 {[%emt 0:00:02]} f6 28. Rd4 {[%emt 0:13:17]} fxe5 {[%emt 0:04:33]} 29. Rxc4 {[%emt 0:00:07]} dxc4 {[%emt 0:00:29]} 30. Ke4 {[%emt 0:00:01]} Kf6 {[%emt 0:01:04]} 31. b3 {[%emt 0:01:34]} cxb3 {[%emt 0:01:21]} 32. axb3 {[%emt 0:00:02]} a5 {[%emt 0:00:54]} 33. c4 {[%emt 0:00:08]} b6 {[%emt 0:00:11]} 34. h4 {[%emt 0:01:49]} h6 {[%emt 0:01:13]} 35. g4 {[%emt 0:00:08]} Ke7 {[%emt 0:02:54]} 36. Kxe5 {[%emt 0:00:05]} g5 {[%emt 0:02:05]} 37. h5 {[%emt 0:00:55]} Kd7 {[%emt 0:02:27]} 38. Kf6 {[%emt 0:00:04]} e5 {[%emt 0:00:44]} 39. Kg6 {[%emt 0:00:43]} Ke6 {[%emt 0:00:14]} 40. Kxh6 {[%emt 0:00:46]} Kf6 {[%emt 0:01:22]} 41. Kh7 {[%emt 0:00:03]} Kf7 {[%emt 0:02:08]} 42. h6 {[%emt 0:00:10]} a4 {[%emt 0:00:49]} 43. bxa4 {[%emt 0:00:12]} Kf8 {[%emt 0:01:03]} 44. Kg6 {[%emt 0:00:05]} Kg8 {[%emt 0:00:27]} 45. Kxg5 {[%emt 0:00:12]} Kh7 {[%emt 0:00:14]} 46. Kf5 {[%emt 0:00:08]} 1-0